Movies That Start With "B" by Picture - Statistics

General Stats
  • This quiz has been taken 244 times
  • The average score is 11 of 16
Answer Stats
Picture Answer % Correct
Batman
100%
Bambi
99%
Barbie
99%
Big
88%
Back to the Future
87%
Beauty and the Beast
83%
Brokeback Mountain
75%
Babe
72%
Black Panther
67%
Bad Santa
59%
Birdman
57%
Big Hero Six
55%
Black Widow
50%
Blade Runner
50%
Ben-Hur
44%
Brother Bear
42%
No matching quizzes found
Score Distribution
Percent of People with Each Score
Percentile by Number Answered
Your Score History
You have not taken this quiz